| 000 | 00897nam a2200241 a 4500 | ||
|---|---|---|---|
| 003 | MX-MxUPN | ||
| 005 | 20240612125226.0 | ||
| 008 | 991125s1900 mx r 000 0 spa d | ||
| 035 | _aUPN01000013220 | ||
| 040 |
_aMX-MxUPN _bspa _cMX-MxUPN |
||
| 041 | 0 | _aspa | |
| 050 | 4 |
_aLB1589 M63 _bP33a |
|
| 100 | 1 |
_aPaluzié, José _951922 |
|
| 245 | 1 | 0 |
_aCurso elemental de problemas y ejercicios de aritmética : _btercero y cuarto años : soluciones / _cJosé Paluzíe ; arreglados por Andrés Oscoy. |
| 260 |
_aMéxico : _bHerrero, _c1900. |
||
| 300 | _a89 páginas | ||
| 490 | 0 | _aBiblioteca de la juventud escolar | |
| 500 | _a"Instructivos y divertidos con cuestiones sobre industria, comercio, etc." | ||
| 650 | 4 |
_aAritmética _xEstudio y enseñanza (Elemental) _95289 |
|
| 650 | 4 |
_aMatemáticas _xEstudio y enseñanza (Elemental) _92809 |
|
| 700 | 1 |
_aOscoy, Andrés _931054 |
|
| 942 |
_2lcc _cLIBRO |
||
| 999 |
_c13220 _d13220 |
||